Представление документа в формате RUSMARC

ПолеНазваниеЗначение
  Тип записи a
  Библиографический уровень a
001 Контрольный номер f05abb091515493b8aa27bb225960191
005 Дата корректировки 20260410160529.2
100 Данные общей обработки __
a Данные общей обработки 20260410 ||| 0rusy0189 ca
101 Язык документа 0_
a Язык текста rus
102 Страна публикации __
a Страна публикации RU
200 Заглавие и сведения об ответственности 1_
a Заглавие Тайна пирамид
e Сведения, относящиеся к заглавию [комикс]
461 Уровень набора _0
1 2000
a Тошка и компания
463 Уровень физической единицы _0
1 2000
a № 2
v С. 6-9 : ил.
1 2101
d 2026
1 00199bf9cf24c06493f8aea2566489179c0
606 Тематические рубрики 0_
a Основная рубрика Комиксы
y Географическая подрубрика Египет
610 Ключевые слова 0_
a Ключевые слова комиксы, пирамиды, коты, кошки, фараоны, сфинксы
686 Индексы других классификаций __
a Классификационный индекс 85.156.7
801 Источник записи _0
a Страна RU
b Организация УОБДЮ
c Дата составления 20260410
g Правила каталогизации RCR
801 Источник записи _1
a Страна RU
b Организация УОБДЮ
c Дата составления 20260410
g Правила каталогизации RCR
901 Тип документа __
t Тип документа b
w Контрольный № источника 99bf9cf24c06493f8aea2566489179c0
905 Данные по созданию БЗ __
b Логин пользователя, который создал БЗ ibo3